000 01270cam a2200301 a 4500
001 BD-DhSAU 4916
003 BD-DhSAU
005 20150302155841.0
008 110105s2010 enka b 001 0 eng d
020 _a9780199588282 (hbk.)
020 _a0199588287 (hbk.)
040 _aBD-DhSAU
082 _a-
_b-
245 0 4 _aThe ruling class :
_bmanagement and politics in modern Italy /
_cedited by Tito Boeri, Antonio Merlo, and Andrea Prat ; with Giuliano Amato ., . ... [et al.].
260 _aOxford ;
_aNew York :
_bOxford University Press,
_c2010.
490 1 _aReports for the Fondazione Rodolfo Debenedetti
500 _aOxford scholarship online Economics and Finance
504 _aIncludes bibliographical references and index.
590 _aroy
650 0 _aBusiness and politics
_zItaly.
650 0 _aLabor economics
_zItaly.
651 0 _aItaly
_xPolitics and government
_y1994-
700 1 _aBoeri, Tito.
700 1 _aMerlo, Antonio.
700 1 _aPrat, Andrea.
856 _uhttp://www.oxfordscholarship.com/view/10.1093/acprof:oso/9780199588282.001.0001/acprof-9780199588282?rskey=EkStdn&result=116
_y Full text through SAU LAN
856 _u http://doi.org/10.1093/acprof:oso/9780199588282.001.0001
_yDOI : Full text through SAU LAN
942 _2ddc
_cOnline book
999 _c4916
_d4916